<?xml version="1.0" encoding="UTF-8"?>
<record
    xmlns:xsi="http://www.w3.org/2001/XMLSchema-instance"
    xsi:schemaLocation="http://www.loc.gov/MARC21/slim http://www.loc.gov/standards/marcxml/schema/MARC21slim.xsd"
    xmlns="http://www.loc.gov/MARC21/slim">

  <leader>01669nab a2200277uuc4500</leader>
  <controlfield tag="001">1357337</controlfield>
  <controlfield tag="005">20240202114257.0</controlfield>
  <controlfield tag="008">140131e20130705                    spa  </controlfield>
  <datafield tag="035" ind1=" " ind2=" ">
    <subfield code="a">1357337</subfield>
  </datafield>
  <datafield tag="040" ind1=" " ind2=" ">
    <subfield code="c">comduadb</subfield>
  </datafield>
  <datafield tag="041" ind1=" " ind2=" ">
    <subfield code="a">spa</subfield>
  </datafield>
  <datafield tag="100" ind1="1" ind2="0">
    <subfield code="a">Barbin, Eduardo Luiz</subfield>
    <subfield code="4">aut</subfield>
    <subfield code="e">aut</subfield>
    <subfield code="9">716895</subfield>
  </datafield>
  <datafield tag="245" ind1="1" ind2="0">
    <subfield code="a">Apexificaci&#xF3;n del incisivo central con rizog&#xE9;nesis incompleta y pulpa necr&#xF3;tica asociada con lesi&#xF3;n periapical</subfield>
  </datafield>
  <datafield tag="520" ind1="3" ind2=" ">
    <subfield code="a">Dientes inmaduros con pulpa necr&#xF3;tica presentando foramen apical amplio y paredes delgadas y fr&#xE1;giles, se convierten en un desaf&#xED;o para el tratamiento endod&#xF3;ntico. En vista de estas caracter&#xED;sticas, es imperativo una apexificaci&#xF3;n para obtener un sellado apical adecuado. El siguiente caso cl&#xED;nico describe el tratamiento de apexificaci&#xF3;n a trav&#xE9;s de curativos a base de hidr&#xF3;xido de calcio, donde se ha logrado &#xE9;xito en la formaci&#xF3;n de una barrera apical osteocementaria. Hemos encontrado que la apexificaci&#xF3;n a trav&#xE9;s del uso de la terapia recomendada en el incisivo central con formaci&#xF3;n radicular incompleta y necrosis, llev&#xF3; una exitosa finalizaci&#xF3;n endod&#xF3;ntica.</subfield>
  </datafield>
  <datafield tag="650" ind1=" " ind2=" ">
    <subfield code="a">Incisivos</subfield>
    <subfield code="9">23250</subfield>
  </datafield>
  <datafield tag="650" ind1=" " ind2=" ">
    <subfield code="a">Hidr&#xF3;xido de calcio</subfield>
    <subfield code="9">36867</subfield>
  </datafield>
  <datafield tag="650" ind1=" " ind2=" ">
    <subfield code="a">Apexificaci&#xF3;n</subfield>
    <subfield code="9">204342</subfield>
  </datafield>
  <datafield tag="650" ind1=" " ind2=" ">
    <subfield code="a">Rizog&#xE9;nesis</subfield>
    <subfield code="9">207902</subfield>
  </datafield>
  <datafield tag="650" ind1=" " ind2=" ">
    <subfield code="a">Absceso periapical</subfield>
    <subfield code="9">62282</subfield>
  </datafield>
  <datafield tag="700" ind1="1" ind2="0">
    <subfield code="a">Sposito, Otavio Da Silva</subfield>
    <subfield code="4">aut</subfield>
    <subfield code="e">aut</subfield>
    <subfield code="9">709347</subfield>
  </datafield>
  <datafield tag="700" ind1="1" ind2="0">
    <subfield code="a">Machado, Jean Wagner</subfield>
    <subfield code="4">aut</subfield>
    <subfield code="e">aut</subfield>
    <subfield code="9">716896</subfield>
  </datafield>
  <datafield tag="700" ind1="1" ind2="0">
    <subfield code="a">Martos, Josu&#xE9;</subfield>
    <subfield code="4">aut</subfield>
    <subfield code="e">aut</subfield>
    <subfield code="9">399042</subfield>
  </datafield>
  <datafield tag="700" ind1="1" ind2="0">
    <subfield code="a">Damian, Melissa Feres</subfield>
    <subfield code="4">aut</subfield>
    <subfield code="e">aut</subfield>
    <subfield code="9">685789</subfield>
  </datafield>
  <datafield tag="773" ind1="0" ind2=" ">
    <subfield code="t">Endodoncia (Barcelona)</subfield>
    <subfield code="g">Vol. 31, No. 03, Jul.-Sep. 2013, p. 146-151</subfield>
    <subfield code="w">370912</subfield>
    <subfield code="x">1130-9903</subfield>
    <subfield code="0">112773</subfield>
  </datafield>
  <datafield tag="942" ind1=" " ind2=" ">
    <subfield code="c">ARIMP</subfield>
  </datafield>
  <datafield tag="999" ind1=" " ind2=" ">
    <subfield code="c">676009</subfield>
    <subfield code="d">676009</subfield>
  </datafield>
</record>
